000 00293nam a22001217a 4500
008 180222b xxu||||| |||| 00| 0 eng d
041 _aeng
080 _a33
100 _a52
101 _aEKO
245 _aThe collected scientific papers of paul a. samuelson
_cStiglitz,J.E
942 _2udc
_cBK
999 _c43144
_d43144